| 000 | 01594nam a22002897a 4500 | ||
|---|---|---|---|
| 005 | 20180118142058.0 | ||
| 010 | _aB-664502 | ||
| 020 |
_a9788126024995 _c175.00 |
||
| 035 | _aB-664502 | ||
| 037 | _bस्टार पब्लिकेशन | ||
| 082 | _aक | ||
| 100 | _aसलाम बिन रज़ाक | ||
| 245 |
_aशिकस्ता बुतों के दरमियान : _cसलाम बिन रज़ाक |
||
| 246 |
_aShikasta Buton ke Darmiyan _bwritten and translated by Salam Bin Razak |
||
| 260 |
_aनई दिल्ली _bसाहित्य अकादमी _c2007 |
||
| 270 |
_aरवीन्द्र भवन,35 फीरोजशाह मार्ग _bनई दिल्ली _e110001 |
||
| 270 | _a | ||
| 300 |
_a246पृ _c22सेमी (अजिल्द) |
||
| 500 | _aसाहित्य अकादेमी पुरस्कार प्राप्त उर्दू कहानी संग्रह । हिन्दी अनुवाद । | ||
| 500 | _aसलाम बिन रजाक द्वारा हिन्दी अनुवाद | ||
| 520 | _aAW | ||
| 650 | _aउर्दू कहानियां | ||
| 650 | _aUrdu Stories | ||
| 700 |
_aरज़ाक, सलाम बिन _924161 |
||
| 942 |
_2ddc _cHN _hक _mसलाम |
||
| 999 |
_c149292 _d149292 |
||